| 000 | 00969nam a2200253 i 4500 | ||
|---|---|---|---|
| 001 | 106356 | ||
| 003 | ES-MaACL | ||
| 005 | 20231103062532.0 | ||
| 007 | t| | ||
| 008 | 061102s1989 fr ||||1| fre d | ||
| 020 | _a2-262-00670-9 | ||
| 080 | _a913(443.61 P.)(036) | ||
| 100 | 1 |
_aSaint-Agnès, Yves de. _9101506 |
|
| 245 | 1 | 0 |
_aGuide du Paris révolutionnaire _b: les lieux, les quartiers, les rues, les itinéraires : 1789-1795 / _cYves de Saint-Agnès ; conception de l'ouvrage, maquette et réalisation, Francis Delabarre. |
| 260 |
_a[Paris] : _bParis Musées : _bPerrin, _c[1989] |
||
| 300 |
_a128 p. : _bil. ; _c22 cm. |
||
| 500 | _aBiblioteca Jacinto Martínez Lacalle. | ||
| 650 | 4 |
_aLugares históricos- _zParís. _914712 |
|
| 651 | 4 |
_aParís- _vGuías turísticas. _99209 |
|
| 651 | 4 |
_aFrancia- _xHistoria- _y1789-1799, Revolución _98685 |
|
| 700 | 1 |
_aDelabarre, Francis. _943275 |
|
| 852 |
_aES-MaACL _jE-11362 _bR.139114 |
||
| 999 |
_c106356 _d106356 |
||